[Event "rock stars "]
[Site "SchemingMind.com"]
[Date "2007.11.03"]
[Round "-"]
[White "Araki"]
[Black "richfeet"]
[Result "1-0"]
[WhiteCountry "PER"]
[BlackCountry "USA"]
[WhiteElo "1670"]
[WhiteRD "86"]
[BlackElo "1247"]
[BlackRD "110"]
[GameID "127535"]

1. Nf3 e6 2. d4 Nc6 3. c4 Bd6 4. c5 Be7 5. a3 Nf6 6. Nc3 O-O 7. Bf4 d5 8. e3 Bd7 9. Bd3 b6 10. b4 a6
11. O-O Ng4 12. Qc2 b5 13. Bxh7+ Kh8 14. Bd3 Rg8 15. h3 Ra7 16. hxg4 Qf8 17. g3 Rb7 18. Kg2 Rb8 19. Rh1+ Bh4 20. Rxh4#
1-0

[Event "rock stars "]
[Site "SchemingMind.com"]
[Date "2007.11.03"]
[Round "-"]
[White "richfeet"]
[Black "Araki"]
[Result "0-1"]
[WhiteCountry "USA"]
[BlackCountry "PER"]
[WhiteElo "1247"]
[WhiteRD "110"]
[BlackElo "1670"]
[BlackRD "86"]
[GameID "127536"]

1. e4 e5 2. Nf3 Nc6 3. Bb5 Nd4 4. Nxd4 exd4 5. O-O a6 6. Bc4 b5 7. Bd3 Bb7 8. Na3 Bd6 9. c3 dxc3 10. bxc3 c5
11. c4 b4 12. Nc2 Ne7 13. Qg4 O-O 14. Ne3 Ng6 15. Nd5 Ne5 16. Rb1 Nxg4 17. f3 Ne5 18. a3 Bxd5 19. exd5 Nxd3 20. a4 Qh4
21. h3 Qg3 22. Bb2 Qh2#
0-1

[Event "rock stars "]
[Site "SchemingMind.com"]
[Date "2007.11.07"]
[Round "-"]
[White "mrique"]
[Black "Araki"]
[Result "0-1"]
[WhiteCountry "USA"]
[BlackCountry "PER"]
[WhiteElo "1460"]
[WhiteRD "69"]
[BlackElo "1689"]
[BlackRD "85"]
[GameID "128003"]

1. e4 e5 2. Nf3 Nc6 3. Bb5 Nd4 4. Nxd4 exd4 5. O-O Bc5 6. d3 a6 7. Ba4 b5 8. Bb3 Bb7 9. Qf3 Qf6 10. Bf4 d6
11. Nd2 Ne7 12. Qg3 Qg6 13. Qf3 O-O 14. Rfe1 Rae8 15. Qh3 Bc8 16. Qh4 Be6 17. e5 Nf5 18. Qh3 Bxb3 19. cxb3 Qe6 20. Nf3 dxe5
21. Bxe5 Qd7 22. Qg4 f6 23. Bf4 Rxe1+ 24. Rxe1 Qc8 25. g3 g5 26. Nxg5 fxg5 27. Qxg5+ Ng7 28. Qxc5 Rf5 29. Be5 Ne6 30. Qd5 c5
31. Qe4 Ng5 32. Qd5+ Nf7 33. f4 c4 34. dxc4 d3 35. Qxd3 Nxe5 36. Rxe5 Rxe5 37. fxe5 bxc4 38. Qd5+ Kg7 39. bxc4 Qf5 40. Kg2 Qc2+
41. Kf3 Qxb2 42. c5 Qc3+ 43. Kg4 Qb4+ 44. Kf5 Qb1+ 45. Qe4 Qf1+ 46. Qf4 Qd3+ 47. Qe4 Qf1+
0-1

[Event "rock stars "]
[Site "SchemingMind.com"]
[Date "2007.11.07"]
[Round "-"]
[White "mrique"]
[Black "richfeet"]
[Result "1-0"]
[WhiteCountry "USA"]
[BlackCountry "USA"]
[WhiteElo "1583"]
[WhiteRD "72"]
[BlackElo "1279"]
[BlackRD "100"]
[GameID "128004"]

1. e4 e5 2. Nf3 d6 3. Bc4 Bg4 4. d3 Be7 5. c3 Nc6 6. Nbd2 Nf6 7. O-O O-O 8. Qb3 a6 9. d4 Qd7 10. Ng5 h6
11. Ngf3 a5 12. a4 b6 13. Re1 Qc8 14. Kh1 Bxf3 15. Nxf3 Kh7 16. Bd3 Ng4 17. Qd5 Qd7 18. Qc4 Nxf2+ 19. Kg1 g5 20. Kxf2 g4
21. Ng1 f6 22. Ne2 h5 23. Ng3 Kg7 24. Nf5+ Kg6 25. d5 Na7 26. Bc2 c5 27. Qe2 Rf7 28. Qe3 b5 29. Qh6#
1-0

[Event "rock stars "]
[Site "SchemingMind.com"]
[Date "2007.11.09"]
[Round "-"]
[White "Araki"]
[Black "mrique"]
[Result "1-0"]
[WhiteCountry "PER"]
[BlackCountry "USA"]
[WhiteElo "1689"]
[WhiteRD "85"]
[BlackElo "1460"]
[BlackRD "69"]
[GameID "128005"]

1. Nf3 d5 2. c4 d4 3. d3 Nf6 4. b4 e6 5. g3 c5 6. b5 Nbd7 7. Bg2 Be7 8. O-O O-O 9. Bb2 Bd6 10. Nbd2 Rb8
11. Re1 b6 12. e4 Qc7 13. a4 Re8 14. a5 Qd8 15. a6 e5 16. Bh3 Nh5 17. Nf1 Qf6 18. Nh4 Qg5 19. Bc1 Qf6 20. Qxh5 g6
21. Qh6 Nf8 22. Bxc8 Rbxc8 23. Bg5 Qh8 24. Ra2 Ne6 25. Ng2 f6 26. Bd2 Bf8 27. Qh3 Rc7 28. Bh6 Rce7 29. f4 exf4 30. Bxf4 Nxf4
31. Nxf4 Qg7 32. Nd5 Re5 33. Rf2 R5e6 34. Nd2 Bd6 35. Ref1 f5 36. exf5 gxf5 37. Rxf5 Re1 38. Ne4 Rxf1+ 39. Rxf1 Rf8 40. Qe6+ Kh8
41. Qxd6 Rxf1+ 42. Kxf1 h6 43. Nef6 Qf7 44. Qe7 Qxe7 45. Nxe7 Kg7 46. Nfd5
1-0

[Event "rock stars "]
[Site "SchemingMind.com"]
[Date "2007.11.09"]
[Round "-"]
[White "richfeet"]
[Black "mrique"]
[Result "0-1"]
[WhiteCountry "USA"]
[BlackCountry "USA"]
[WhiteElo "1367"]
[WhiteRD "96"]
[BlackElo "1582"]
[BlackRD "73"]
[GameID "128006"]

1. e4 c5 2. Nf3 Nc6 3. Bb5 e6 4. O-O Nge7 5. d3 g6 6. c3 Bg7 7. Be3 O-O 8. Bxc5 d6 9. Nbd2 e5 10. Ba3 Bg4
11. h3 Be6 12. Nc4 Nc8 13. Qa4 Qc7 14. b4 Nb6 15. Ng5 Nxa4 16. Rac1 Nb6 17. Rc2 d5 18. f3 dxc4 19. h4 cxd3 20. Rd2 Bc4
21. Rff2 Bxb5 22. Bc1 Nd7 23. Kh1 Ne7 24. Nh3 Qxc3 25. Rf1 Nf6 26. Ng5 Nh5 27. Rfd1 h6 28. a3 hxg5 29. Kh2 gxh4 30. Kh3 Bf6
31. Bb2 Qc8+ 32. Kh2 g5 33. Bc1 g4 34. Bb2 g3+ 35. Kh1 Ng6 36. Kg1 Ngf4 37. Ba1 h3 38. gxh3 Qxh3
0-1

[Event "rock stars "]
[Site "SchemingMind.com"]
[Date "2007.11.09"]
[Round "-"]
[White "LSSEthan"]
[Black "mrique"]
[Result "0-1"]
[WhiteCountry "USA"]
[BlackCountry "USA"]
[WhiteElo "1220"]
[WhiteRD "95"]
[BlackElo "1582"]
[BlackRD "73"]
[GameID "128214"]

1. e3 d5 2. Qe2 Nf6 3. Nc3 e5 4. e4 d4 5. Nd5 Nxd5 6. exd5 Qxd5 7. f3 Bc5 8. c4 Qd6 9. g3 Nc6 10. f4 O-O
11. Nf3 exf4 12. Qg2 Bf5 13. Ng5 Rfe8+ 14. Kd1 d3 15. Qf3 Rab8 16. Qh5 Re7 17. Bg2 Nd4 18. Qxh7+ Bxh7 19. Nxh7 Kxh7 20. Re1 Re2
21. Be4+ g6 22. Bxd3 Rbe8 23. Bxe2 f3 24. Bd3 Rxe1+ 25. Kxe1 Qe5+ 26. Kf2 f5 27. b3 Kh6 28. Bb2 Qd6 29. Re1 Nc2+ 30. Kf1 Nxe1
31. Kxe1 Qxd3
0-1

[Event "rock stars "]
[Site "SchemingMind.com"]
[Date "2007.11.09"]
[Round "-"]
[White "LSSEthan"]
[Black "Araki"]
[Result "0-1"]
[WhiteCountry "USA"]
[BlackCountry "PER"]
[WhiteElo "1371"]
[WhiteRD "120"]
[BlackElo "1670"]
[BlackRD "86"]
[GameID "128215"]

1. e3 e5 2. Qe2 Nc6 3. Qb5 a6 4. Qd5 Nf6 5. Qc4 d5 6. Qe2 Bc5 7. c3 O-O 8. b3 Bf5 9. d4 Ba7 10. f4 exf4
11. exf4 Re8 12. Be3 Bg4 13. Nf3 Ne4 14. g3 h5 15. h3 Bxf3 16. Qxf3 g6 17. Bd3 f5 18. g4 Qh4+ 19. Bf2 Nxf2+ 20. Kd2 Nxh1
21. Qxd5+ Kg7 22. Qd7+ Re7 23. Qd5 Qf2+ 24. Kc1 Re1#
0-1

[Event "rock stars "]
[Site "SchemingMind.com"]
[Date "2007.11.09"]
[Round "-"]
[White "LSSEthan"]
[Black "richfeet"]
[Result "0-1"]
[WhiteCountry "USA"]
[BlackCountry "USA"]
[WhiteElo "1220"]
[WhiteRD "95"]
[BlackElo "1367"]
[BlackRD "96"]
[GameID "128216"]

1. e3 e5 2. Qe2 d5 3. Qb5+ c6 4. Qa4 Bd6 5. c4 Bc5 6. Nc3 Nf6 7. g3 Be6 8. Nf3 O-O 9. Nxe5 Na6 10. Nd3 Ne4
11. b4 Rc8 12. cxd5 Nxc3 13. bxc5 Nxa4 14. dxe6 fxe6 15. Ba3 Qf6 16. Rb1 Rcd8 17. Rxb7 Qa1+ 18. Ke2 Qxa2 19. Bc1 Nc3+ 20. Ke1 Rxd3
21. Bxd3 Qa1 22. f4 Qxc1+ 23. Kf2 Qxh1 24. Rxa7 Qxh2+ 25. Kf3 Qh5+ 26. Kg2 Nxc5 27. Bc4 Qd1 28. Kh3 Qxd2
0-1

[Event "rock stars "]
[Site "SchemingMind.com"]
[Date "2007.11.12"]
[Round "-"]
[White "mrique"]
[Black "LSSEthan"]
[Result "1-0"]
[WhiteCountry "USA"]
[BlackCountry "USA"]
[WhiteElo "1560"]
[WhiteRD "71"]
[BlackElo "1371"]
[BlackRD "120"]
[GameID "128217"]

1. e4 e6 2. Nf3 d5 3. exd5 exd5 4. d4 c5 5. Be2 Nc6 6. O-O Qf6 7. Re1 cxd4 8. Bg5 Qf5 9. Bd3+ Qe6 10. Rxe6+ fxe6
11. Bb5 Bd7 12. c3 h6 13. Bc1 O-O-O 14. cxd4 a6 15. Bxc6 bxc6 16. Bf4 g5 17. Be5 Rh7 18. Nc3 Rf7 19. Qa4 Nf6 20. Qxa6#
1-0

[Event "rock stars "]
[Site "SchemingMind.com"]
[Date "2007.11.12"]
[Round "-"]
[White "Araki"]
[Black "LSSEthan"]
[Result "1-0"]
[WhiteCountry "PER"]
[BlackCountry "USA"]
[WhiteElo "1677"]
[WhiteRD "85"]
[BlackElo "1220"]
[BlackRD "95"]
[GameID "128218"]

1. Nf3 e6 2. c4 d5 3. cxd5 exd5 4. d4 c5 5. Nc3 b6 6. e3 cxd4 7. Nxd4 Qd7 8. Bd3 Ba6 9. O-O Bb7 10. Re1 Ba6
11. Bxa6 Nxa6 12. e4 O-O-O 13. exd5 Qc7 14. Qg4+ Qd7 15. Qxd7+ Kxd7 16. Bf4 Bd6 17. Bxd6 Kxd6 18. Nf5+ Kd7 19. Nxg7 Nb4 20. Re2 Nf6
21. a3 Nbxd5 22. Nxd5 Nxd5 23. Rd1 Kc8 24. Red2 Rhg8 25. Rxd5 Rxd5 26. Rxd5 Rxg7 27. h4 a5 28. Rg5 Rxg5 29. hxg5 b5 30. f4 b4
31. Kf2 Kd7 32. Ke3 Kc6 33. Kd4 Kb5 34. g4 Ka4 35. Kc4 bxa3 36. bxa3 Kxa3 37. Kc3 a4 38. f5 Ka2 39. Kb4 a3 40. Kc3
1-0

[Event "rock stars "]
[Site "SchemingMind.com"]
[Date "2007.11.12"]
[Round "-"]
[White "richfeet"]
[Black "LSSEthan"]
[Result "0-1"]
[WhiteCountry "USA"]
[BlackCountry "USA"]
[WhiteElo "1247"]
[WhiteRD "110"]
[BlackElo "1371"]
[BlackRD "120"]
[GameID "128219"]

1. e4 e6 2. Nf3 Ne7 3. Bc4 d5 4. Bd3 b6 5. Ne5 Ng6 6. O-O Nxe5 7. Nc3 Bb7 8. Qe2 Bd6 9. b3 f5 10. a4 Nbd7
11. exf5 exf5 12. Ba3 O-O 13. Bxd6 cxd6 14. Nb5 f4 15. Nxd6 Qg5 16. b4 a5 17. Nxb7 Rac8 18. bxa5 f3
0-1

[Event "rock stars "]
[Site "SchemingMind.com"]
[Date "2007.11.09"]
[Round "-"]
[White "G-ninjaZ"]
[Black "mrique"]
[Result "0-1"]
[WhiteCountry "USA"]
[BlackCountry "USA"]
[WhiteElo "1236"]
[WhiteRD "110"]
[BlackElo "1582"]
[BlackRD "73"]
[GameID "128225"]

1. a4 e5 2. h4 Nf6 3. Nf3 d6 4. d3 Be7 5. Nc3 Nc6 6. e4 Bg4 7. Be2 Rb8 8. a5 Nb4 9. Bg5 O-O 10. O-O Bh5
11. Nd5 Nbxd5 12. exd5 Nxd5 13. Bc1 Bg6 14. c4 Nf6 15. Bd2 e4 16. dxe4 Nxe4 17. Bf4 Rc8 18. Bd3 f5 19. Qb3 Nc5 20. Qd1 Nxd3
21. Qxd3 Be8 22. Rfe1 Bc6 23. Nd4 Bd7 24. Qg3 Bxh4 25. Qh3 Bg5 26. Bh2 f4 27. Qb3 Qf6 28. Nf3 Bh6
0-1

[Event "rock stars "]
[Site "SchemingMind.com"]
[Date "2007.11.09"]
[Round "-"]
[White "G-ninjaZ"]
[Black "Araki"]
[Result "0-1"]
[WhiteCountry "USA"]
[BlackCountry "PER"]
[WhiteElo "1256"]
[WhiteRD "111"]
[BlackElo "1668"]
[BlackRD "83"]
[GameID "128226"]

1. a4 e5 2. h4 Bc5 3. c3 a6 4. d4 exd4 5. e3 dxe3 6. Qe2 Ne7 7. fxe3 d5 8. Nf3 Bg4 9. g3 O-O 10. Bh3 Qc8
11. Qf1 Bxh3 12. Rxh3 Nf5 13. g4 Nxe3 14. Bxe3 Bxe3 15. Ra3 Re8 16. Rh2 Bc5+ 17. Kd1 Bxa3 18. bxa3 Qxg4 19. Qg2 Qxa4+ 20. Kc1 Nc6
21. Rh1 Qf4+ 22. Nbd2 Re3 23. Rg1 g6 24. Qg5 Rxc3+ 25. Kd1 Rxf3 26. Rg4 Qxg5 27. Rxg5 Rxa3
0-1

[Event "rock stars "]
[Site "SchemingMind.com"]
[Date "2007.11.09"]
[Round "-"]
[White "G-ninjaZ"]
[Black "richfeet"]
[Result "0-1"]
[WhiteCountry "USA"]
[BlackCountry "USA"]
[WhiteElo "1256"]
[WhiteRD "111"]
[BlackElo "1279"]
[BlackRD "100"]
[GameID "128227"]

1. a4 e5 2. h4 Nc6 3. d3 Nd4 4. e3 d6 5. exd4 exd4 6. Bg5 Be7 7. Qe2 Nf6 8. a5 h6 9. Bd2 O-O 10. f4 Bg4
11. Nf3 d5 12. Na3 Bd6 13. O-O-O a6 14. g3 Bxa3 15. bxa3 Qd6 16. Bh3 Nh5 17. Rdg1 Bxh3
0-1

[Event "rock stars "]
[Site "SchemingMind.com"]
[Date "2007.11.12"]
[Round "-"]
[White "G-ninjaZ"]
[Black "LSSEthan"]
[Result "1-0"]
[WhiteCountry "USA"]
[BlackCountry "USA"]
[WhiteElo "1333"]
[WhiteRD "211"]
[BlackElo "1667"]
[BlackRD "211"]
[GameID "128228"]

1. a4 e6 2. d4 Qe7 3. h4 e5 4. e3 f6 5. c3 Nc6 6. Nf3 Qd6 7. e4 Nge7 8. h5 a6 9. Na3 Na7 10. Nc4 Nac6
11. Nxd6+ cxd6 12. dxe5 fxe5 13. Ng5 g6 14. Rh3 d5 15. exd5 Na7 16. Ra3 Nf5 17. hxg6 b5 18. Nxh7 Bxa3 19. Qe2 bxa4 20. Qxe5+ Ne7
21. Nf6+ Kd8 22. Rxh8+ Ng8 23. Rxg8+ Bf8 24. Rxf8#
1-0

[Event "rock stars "]
[Site "SchemingMind.com"]
[Date "2007.11.09"]
[Round "-"]
[White "mrique"]
[Black "G-ninjaZ"]
[Result "1-0"]
[WhiteCountry "USA"]
[BlackCountry "USA"]
[WhiteElo "1582"]
[WhiteRD "73"]
[BlackElo "1236"]
[BlackRD "110"]
[GameID "128229"]

1. e4 a5 2. Nf3 h5 3. d4 b6 4. Bc4 e6 5. Nc3 d5 6. exd5 exd5 7. Bxd5 Ra6 8. Bf4 Qe7+ 9. Be3 c6 10. Bb3 Rh6
11. O-O f5 12. Bxh6 gxh6 13. Re1 Be6 14. Bxe6 Nf6 15. Bc4 Ne4 16. Ne5 b5 17. Bf7+ Kd8 18. Nxe4 Qh4 19. d5 Kc8 20. d6 Ra7
21. d7+ Nxd7 22. Nxc6 Rc7 23. Nd6+ Bxd6 24. Qxd6 Qf6 25. Be6 Kb7 26. Nxa5+ Kc8 27. Qa6+ Kd8 28. Nc6+ Ke8 29. Qa8+
1-0

[Event "rock stars "]
[Site "SchemingMind.com"]
[Date "2007.11.09"]
[Round "-"]
[White "Araki"]
[Black "G-ninjaZ"]
[Result "1-0"]
[WhiteCountry "PER"]
[BlackCountry "USA"]
[WhiteElo "1668"]
[WhiteRD "83"]
[BlackElo "1256"]
[BlackRD "111"]
[GameID "128230"]

1. d4 h5 2. e4 g6 3. c4 e6 4. e5 Qe7 5. a3 d6 6. Bd3 Bg7 7. Nf3 Nc6 8. Be3 dxe5 9. dxe5 Nxe5 10. O-O Nxd3
11. Qxd3 Bxb2 12. Ra2 Bf6 13. Rd1 g5 14. Bd4 e5 15. Re2 Be6 16. Bc3 Rd8 17. Qc2 Bxc4 18. Red2 Rd6 19. Rxd6 cxd6 20. h3 g4
21. hxg4 hxg4 22. Nh2 Nh6 23. Nd2 Bd5 24. Qa4+ Kf8 25. Qxa7 Ng8 26. Ndf1 Bc6 27. Nxg4 Bg5 28. Qb8+
1-0

[Event "rock stars "]
[Site "SchemingMind.com"]
[Date "2007.11.09"]
[Round "-"]
[White "richfeet"]
[Black "G-ninjaZ"]
[Result "1-0"]
[WhiteCountry "USA"]
[BlackCountry "USA"]
[WhiteElo "1279"]
[WhiteRD "100"]
[BlackElo "1256"]
[BlackRD "111"]
[GameID "128231"]

1. e4 a5 2. d3 h5 3. Nf3 e6 4. Be3 Qe7 5. Nbd2 Nc6 6. Be2 g6 7. O-O d5 8. e5 Bg7 9. d4 b6 10. Bb5 Bd7
11. Bg5 f6 12. exf6 Nxf6 13. Ne5 O-O 14. Qe1 Rad8 15. Nxc6 Bxc6 16. Bxc6 Rd6 17. Bb7
1-0

[Event "rock stars "]
[Site "SchemingMind.com"]
[Date "2007.11.12"]
[Round "-"]
[White "LSSEthan"]
[Black "G-ninjaZ"]
[Result "1-0"]
[WhiteCountry "USA"]
[BlackCountry "USA"]
[WhiteElo "1667"]
[WhiteRD "211"]
[BlackElo "1333"]
[BlackRD "211"]
[GameID "128232"]

1. e3 e5 2. Qe2 Qe7 3. Na3 a6 4. d4 f6 5. d5 d6 6. f4 h5 7. Nf3 c6 8. c4 g6 9. Nh4 g5 10. Ng6 Qg7
11. Nxh8 Qxh8 12. Bd2 Qh6 13. Ba5 Ne7 14. O-O-O Nf5 15. dxc6 Nxc6 16. b4 Nxa5 17. bxa5 exf4 18. exf4+ Ne7 19. Rxd6 gxf4 20. Qd2 Nf5
21. Rd8+ Kf7 22. g3 Bxa3+ 23. Kb1 fxg3 24. hxg3 Kg6 25. Rg8+ Ng7 26. Qd3+ Kf7 27. Qd5+ Be6 28. Qxb7+ Kxg8 29. Qxa8+ Kh7 30. Qxa6 Qg6+
31. Ka1 Bxc4 32. Bxc4 Qc2 33. Qb5 Qg2 34. Bd3+ Kh6 35. Rf1 Ne6 36. Rxf6+ Kg7 37. Rg6+ Kf7 38. Qb3 Qg1+ 39. Bb1 Qc5 40. Qxe6+ Kf8
41. Rf6+ Kg7 42. Qf7+ Kh8 43. Rh6#
1-0

[Event "rock stars "]
[Site "SchemingMind.com"]
[Date "2007.11.12"]
[Round "-"]
[White "iain"]
[Black "mrique"]
[Result "0-1"]
[WhiteCountry "USA"]
[BlackCountry "USA"]
[WhiteElo "1454"]
[WhiteRD "70"]
[BlackElo "1583"]
[BlackRD "72"]
[GameID "128244"]

1. d4 Nf6 2. c4 d5 3. Nc3 c6 4. e3 Nbd7 5. Nf3 e6 6. Bd3 Bb4 7. O-O O-O 8. a3 Bxc3 9. bxc3 Qa5 10. Qd2 Qc7
11. cxd5 exd5 12. Re1 Re8 13. Ng5 Nf8 14. e4 dxe4 15. Nxe4 Nxe4 16. Bxe4 Rb8 17. Bxh7+ Nxh7 18. Rxe8+ Nf8 19. c4 b6 20. a4 Rb7
21. Ba3 c5 22. Rb1 Bd7 23. Re4 Ne6 24. d5 Nd4 25. a5 Bf5 26. Re8+ Kh7 27. axb6 axb6 28. Bb2 Bxb1
0-1

[Event "rock stars "]
[Site "SchemingMind.com"]
[Date "2007.11.09"]
[Round "-"]
[White "iain"]
[Black "Araki"]
[Result "0-1"]
[WhiteCountry "USA"]
[BlackCountry "PER"]
[WhiteElo "1453"]
[WhiteRD "68"]
[BlackElo "1670"]
[BlackRD "86"]
[GameID "128245"]

1. d4 Nf6 2. c4 e6 3. Nc3 Bb4 4. Bd2 O-O 5. Nf3 b6 6. g3 Bb7 7. Bg2 d5 8. cxd5 Bxc3 9. bxc3 Bxd5 10. O-O Nc6
11. Bg5 h6 12. Bc1 Ne4 13. Bb2 f5 14. Ne5 Nxe5 15. dxe5 Bc4 16. Qxd8 Raxd8 17. f3 Nc5 18. a4 Rd2 19. Ba3 Rxe2 20. Rae1 Rd8
21. Rxe2 Bxe2 22. Re1 Bd1 23. a5 Rd2 24. Bb4 Nd3 25. c4 Nxb4 26. f4 Nd3 27. Re3 Nb2 28. Bf3 Nxc4 29. Rc3 Bxf3 30. Rxf3 Nxa5
31. h4 c5 32. Ra3 c4 33. Rc3 Rd3
0-1

[Event "rock stars "]
[Site "SchemingMind.com"]
[Date "2007.11.09"]
[Round "-"]
[White "iain"]
[Black "richfeet"]
[Result "1-0"]
[WhiteCountry "USA"]
[BlackCountry "USA"]
[WhiteElo "1454"]
[WhiteRD "70"]
[BlackElo "1279"]
[BlackRD "100"]
[GameID "128246"]

1. d4 d5 2. c4 dxc4 3. e4 e6 4. Nc3 Nc6 5. Nf3 Bb4 6. Bxc4 Nge7 7. O-O O-O 8. a3 Ba5 9. b4 Bb6 10. d5 Bd4
11. Nxd4 exd5 12. exd5 Nb8 13. Bf4 Bd7 14. Qb3 Nf5 15. Nxf5 Bxf5 16. Ne2 c6 17. dxc6 Nxc6 18. Ng3 Nd4 19. Qa2 Nc2 20. Rad1 Qf6
21. Bd3 Rac8 22. Bxf5 Rce8 23. Qxc2 g6 24. Bd6 Rd8 25. Bxf8 Rxf8 26. Be4 b6 27. b5 Qg7 28. Bc6 Qe5 29. Rfe1 Qb8 30. Ne4 f6
31. Qc4+ Kh8 32. Qe6 Qc8 33. Qxc8 Rxc8 34. Nxf6 Rf8 35. Rd7 Rxf6 36. Re8+ Rf8 37. Rxf8#
1-0

[Event "rock stars "]
[Site "SchemingMind.com"]
[Date "2007.11.09"]
[Round "-"]
[White "iain"]
[Black "G-ninjaZ"]
[Result "1-0"]
[WhiteCountry "USA"]
[BlackCountry "USA"]
[WhiteElo "1453"]
[WhiteRD "68"]
[BlackElo "1459"]
[BlackRD "157"]
[GameID "128247"]

1. d4 h5 2. c4 a6 3. Nc3 e6 4. e4 g6 5. Nf3 Nc6 6. Be3 Nf6 7. Be2 Ng4 8. O-O Nxe3 9. fxe3 h4 10. h3 d5
11. exd5 exd5 12. Nxd5 Nb4 13. Nxb4 Bxb4 14. a3 Ba5 15. b4 Bb6 16. c5 Ba7 17. Ne5 Rh5 18. Bxh5 gxh5 19. Nxf7 Qf6 20. Rxf6 Bd7
21. Qxh5 Ke7 22. Qe5+ Kf8 23. Nd8+ Kg7 24. Qe7+ Kg8 25. Rf8#
1-0

[Event "rock stars "]
[Site "SchemingMind.com"]
[Date "2007.11.12"]
[Round "-"]
[White "iain"]
[Black "LSSEthan"]
[Result "1-0"]
[WhiteCountry "USA"]
[BlackCountry "USA"]
[WhiteElo "1467"]
[WhiteRD "68"]
[BlackElo "1220"]
[BlackRD "95"]
[GameID "128248"]

1. d4 e6 2. c4 d5 3. Nc3 dxc4 4. e4 b6 5. Bxc4 Ba6 6. b3 c5 7. Nf3 e5 8. d5 f6 9. O-O b5 10. Nxb5 Bb7
11. d6 a6 12. Nc7+ Kd7 13. Nxa8 Bxa8 14. Ba3 Bxd6 15. Bxc5 Qc7 16. Bxd6 Qxd6 17. Qxd6+ Kxd6 18. Rad1+ Kc7 19. Nd2 Ne7 20. f3 Ng6
21. g3 Nd7 22. Rc1 Ne7 23. Bd5+ Bc6 24. Bxc6 Nxc6 25. Nc4 Rb8 26. Na5 g6 27. Nxc6 Rb5 28. Na7+ Rc5 29. Rxc5+ Nxc5 30. Rc1 Kb6
31. Nc8+ Kb7 32. Rxc5 f5 33. Ne7 fxe4 34. fxe4 h5 35. Rxe5 Kb6 36. Re6+ Ka5 37. Rxg6 Kb4 38. Rxa6 Kc3 39. Nf5 Kb2 40. b4 Kc2
41. b5 Kd3 42. e5
1-0

[Event "rock stars "]
[Site "SchemingMind.com"]
[Date "2007.11.12"]
[Round "-"]
[White "mrique"]
[Black "iain"]
[Result "1-0"]
[WhiteCountry "USA"]
[BlackCountry "USA"]
[WhiteElo "1583"]
[WhiteRD "72"]
[BlackElo "1454"]
[BlackRD "70"]
[GameID "128249"]

1. e4 d6 2. Nf3 Nf6 3. Nc3 g6 4. Bb5+ c6 5. Be2 Bg7 6. d4 O-O 7. O-O Nbd7 8. Bg5 h6 9. Be3 Re8 10. Bc4 d5
11. exd5 Nb6 12. Bb3 cxd5 13. Qd2 Ne4 14. Nxe4 dxe4 15. Ne5 Nd5 16. Bxh6 e6 17. Bxg7 Kxg7 18. c4 Ne7 19. Qf4 f5 20. f3 Qxd4+
21. Rf2 Kf6 22. Ng4+ Kf7 23. fxe4 b6 24. Rd1 Qc5 25. Qg5 Bb7 26. e5 Rf8 27. Qh4 Nc6 28. Qh7+ Ke8 29. Qd7#
1-0

[Event "rock stars "]
[Site "SchemingMind.com"]
[Date "2007.11.12"]
[Round "-"]
[White "Araki"]
[Black "iain"]
[Result "1-0"]
[WhiteCountry "PER"]
[BlackCountry "USA"]
[WhiteElo "1670"]
[WhiteRD "86"]
[BlackElo "1453"]
[BlackRD "68"]
[GameID "128250"]

1. Nf3 Nf6 2. c4 d6 3. d4 g6 4. Nc3 Bg7 5. e4 O-O 6. Bg5 e6 7. Bd3 Nbd7 8. O-O b6 9. e5 dxe5 10. dxe5 c5
11. exf6 Nxf6 12. Bc2 Qxd1 13. Raxd1 Bb7 14. b3 Ng4 15. Ne4 Ne5 16. Nxe5 Bxe5 17. Nf6+ Kg7 18. Nd7 f6 19. Nxe5 fxg5 20. Rd7+ Kf6
21. Ng4#
1-0

[Event "rock stars "]
[Site "SchemingMind.com"]
[Date "2007.11.12"]
[Round "-"]
[White "richfeet"]
[Black "iain"]
[Result "0-1"]
[WhiteCountry "USA"]
[BlackCountry "USA"]
[WhiteElo "1279"]
[WhiteRD "100"]
[BlackElo "1454"]
[BlackRD "70"]
[GameID "128251"]

1. e4 Nc6 2. Bc4 Nf6 3. d3 d6 4. Nf3 e5 5. O-O Be7 6. Be3 O-O 7. Nc3 Ng4 8. Bd5 Nf6 9. Bxc6 bxc6 10. Qd2 Ba6
11. b4 Qb8 12. Ng5 d5 13. a3 dxe4 14. Rab1 exd3 15. cxd3 Ng4 16. f3 Nf6 17. Bc5 Bxc5+ 18. bxc5 Qc8 19. Rb4 Nd5 20. Rh4 Nf6
21. d4 Bxf1 22. Kxf1 exd4 23. Qxd4 h6 24. Kf2 hxg5 25. Rh3 Rd8 26. Qe3 g4 27. fxg4 Nxg4+ 28. Kg1 Nxe3 29. Rxe3 Qf5 30. Ne4 Rd1+
31. Re1 Rxe1#
0-1

[Event "rock stars "]
[Site "SchemingMind.com"]
[Date "2007.11.12"]
[Round "-"]
[White "G-ninjaZ"]
[Black "iain"]
[Result "1-0"]
[WhiteCountry "USA"]
[BlackCountry "USA"]
[WhiteElo "1459"]
[WhiteRD "157"]
[BlackElo "1453"]
[BlackRD "68"]
[GameID "128252"]

1. a4 d6 2. c3 Nf6 3. Nf3 g6 4. d4 Bg7 5. e3 O-O 6. Be2 Re8 7. O-O Nc6 8. Ng5 h6 9. Nh3 e6 10. f4 b6
11. Nd2 Bb7 12. Nf3 e5 13. fxe5 dxe5 14. Bc4 exd4 15. exd4 Nd5 16. a5 Nxa5 17. Bd3 f5 18. b4 Nc6 19. Bc4 a6 20. Ra2 b5
21. Bd3 Nxc3 22. Qc2 Nxa2 23. Qxa2+ Kh7 24. Nfg5+ hxg5 25. Nxg5+ Kh8 26. Nf7+
1-0

[Event "rock stars "]
[Site "SchemingMind.com"]
[Date "2007.11.12"]
[Round "-"]
[White "LSSEthan"]
[Black "iain"]
[Result "0-1"]
[WhiteCountry "USA"]
[BlackCountry "USA"]
[WhiteElo "1220"]
[WhiteRD "95"]
[BlackElo "1467"]
[BlackRD "68"]
[GameID "128253"]

1. e3 Nf6 2. Nf3 d6 3. h4 g6 4. c3 Bg7 5. d4 O-O 6. Na3 e6 7. Nd2 Nc6 8. g3 Re8 9. h5 Nxh5 10. Ne4 d5
11. Ng5 Qxg5 12. Nb5 Qe7 13. a4 a6 14. Na3 Nf6 15. f4 Ne4 16. Rh3 Na7 17. c4 Nc6 18. b3 e5 19. Bb2 Bxh3 20. Bxh3 Nxg3
21. dxe5 Rad8 22. Qd2 Ne4 23. Qg2 Qh4+ 24. Kd1 dxc4+ 25. Ke2 Ng3+ 26. Kf3 Nh5 27. Nxc4 b5 28. f5 bxc4 29. e6 Bxb2 30. Rh1 Ne5+
31. Ke2 Ng3+ 32. Kf2 Rd2+ 33. Kg1 Rxg2+ 34. Bxg2 Nxh1 35. Bxh1 Qe1+ 36. Kg2 Qxe3 37. bxc4 fxe6 38. fxg6 hxg6 39. Kh2 Ng4+ 40. Kg2 Qf2+
41. Kh3 Nh2
0-1

[Event "rock stars "]
[Site "SchemingMind.com"]
[Date "2007.11.12"]
[Round "-"]
[White "jjb091"]
[Black "mrique"]
[Result "1-0"]
[WhiteCountry "USA"]
[BlackCountry "USA"]
[WhiteElo "1756"]
[WhiteRD "80"]
[BlackElo "1582"]
[BlackRD "73"]
[GameID "128358"]

1. e4 c6 2. d4 Nf6 3. Nc3 d5 4. e5 Nfd7 5. Bd3 e6 6. Nce2 Be7 7. f4 O-O 8. Nf3 Re8 9. O-O c5 10. Kh1 a6
11. Qe1 Nc6 12. Qg3 f5 13. exf6 Nxf6 14. dxc5 Bxc5 15. Qh4 Be7 16. g4 Ne4 17. g5 Qc7 18. Nc3 g6 19. Nxe4 dxe4 20. Bxe4 Rb8
21. b3 Bd6 22. Nd2 Nd4 23. Bb2 Nf5 24. Qh3 Bxf4 25. Qc3 Qxc3 26. Bxc3 Bxg5 27. Rae1 Bd7 28. Nc4 Be7 29. Be5 Rbc8 30. Bxb7 Rc5
31. Rd1 Bc8 32. Bxc8 Rcxc8 33. Rd7 Kf7 34. Nd6+ Kf8 35. Nxc8 Rxc8 36. c4 Ke8 37. Ra7 Rc6 38. Rd1 a5 39. Rdd7
1-0

[Event "rock stars "]
[Site "SchemingMind.com"]
[Date "2007.11.12"]
[Round "-"]
[White "jjb091"]
[Black "iain"]
[Result "1-0"]
[WhiteCountry "USA"]
[BlackCountry "USA"]
[WhiteElo "1754"]
[WhiteRD "86"]
[BlackElo "1453"]
[BlackRD "68"]
[GameID "128359"]

1. e4 Nc6 2. Nf3 d6 3. d4 Nf6 4. Nc3 g6 5. Bg5 Bg7 6. Qd2 O-O 7. O-O-O Bg4 8. Be2 Nh5 9. d5 Ne5 10. h3 Bd7
11. Nxe5 Bxe5 12. Bxh5 gxh5 13. Bh6
1-0